Statistics for Literal English Names of Countries

Click here to take the quiz!

General Stats

  • This quiz has been taken 285 times
  • The average score is 7 of 15

Answer Stats

Hint Answer % Correct
Land of IceIceland
100%
United States of AmerigoUnited States of America
97%
Land of the Rising SunJapan
82%
Lands of King Phillip IIPhilippines
61%
Unknown Southern LandAustralia
53%
Black MountainMontenegro
44%
Sunday RepublicDominican Republic
42%
Central NationChina
38%
Little VeniceVenezuela
38%
Small IslandsMicronesia
34%
Seafarers or RowersRussia
21%
South Land of DustSouth Africa
21%
VillageCanada
19%
RiverIndia
17%
Resplendent IslandSri Lanka
14%

Score Distribution

Percentile by Number Answered

Percent of People with Each Score

Your Score History

You have not taken this quiz